00631nam a2200145 a 450000100100000000500170001000800410002704000250006811001050009324500880019826000570028630000200034395201050036399900170046800004497120201002045755.0150127s1972 dr 000 0 spa d aDO-SdBNPbspacBNPHU1 aRepública DominicanabSuperintendencia de SegurosbDepartamento de Analisis y Estadística97298910aEstadísticas de los seguros privados en la República Dominicana 1969-1970-1971. aSanto Domingo :bSuperintendencia de Seguros,c1972. a42 p. ;c28 cm. 0010718PDaPDbPDcHDd2015-01-27iLF1l0o p44971-10r2020-06-25w2020-06-25yLFPDZNo se presta c44460d44460